Statistics for Grey’s Anatomy universe characters

Click here to take the quiz!

General Stats

  • This quiz has been taken 112 times
  • The average score is 14 of 20

Answer Stats

HintAnswer% Correct
Ellen PompeoMeredith Grey
98%
Justin ChambersAlex Karev
94%
Jessica CapshawArizona Robbins
94%
Sandra OhChristina Yang
94%
Chandra WilsonMiranda Bailey
94%
Eric DaneMark Sloan
92%
Sarah DrewApril Kepner
90%
Chyler LeighLexie Grey
90%
Patrick DempseyDerek Shepherd
89%
Jesse WilliamsJackson Avery
89%
Kevin MckiddOwen Hunt
89%
Kate WalshAddison Montgomery
83%
Caterina ScorsoneAmelia Shepherd
74%
Stefania SpampinatoCarina Deluca
62%
Kelly McCrearyMaggie Pierce
55%
Danielle SavreMaya Bishop
32%
Barrett DossVictoria Hughes
27%
Taye DiggsSam Bennett
14%
Benjamin BrattJake Reilly
9%
Brian BenbenSheldon Wallace
8%

Score Distribution

Percentile by Number Answered

Percent of People with Each Score

Your Score History

You have not taken this quiz